00651nam a2200205Ia 4500003000400000008004100004020002600045040000800071100002000079245004400099260003700143300001500180365001100195901002100206902004400227903005800271942001200329952008700341999001700428LDD181029s9999 xx 000 0 und d a9788175331907c695.00 cLDD aShukla, Archana 0aExploring life sciencescArchana Shukla aNew DelhibMD Publicationsc2009 avii, 267p. b695.00 a6325b05-10-2010 aSBS/D/169/2010b27-10-2010cFdSBSeFTF aDiscount-15bReqst by : Amrita Nigam  2ddccBK 00102ddc4070991718aLDDbLDDl0o570 Sh92Ep075053r2018-11-01w2018-11-01yBK c91719d91719